000 01256nam a2200337 4500
001 143373
003 ES-MaACL
005 20231003130028.0
007 t|
008 070214s1984 sp r ||||1| spa d
020 _a84-505-0130-X
100 1 _aSendín de Cáceres, Paloma.
_9105446
245 1 0 _aTramitación de importaciones /
_cPaloma Sendin de Cáceres.
250 _a2ª. ed. rev.
260 _aMadrid :
_bBanco Exterior de España. Servicio de Estudios Económicos,
_c1984.
300 _a2 v. ;
_c19 cm.
490 1 _aManuales extebank. Serie comercio exterior ;
_v4-5
505 8 _aContiene: Vol. I. Comercio libre, Comercio global. Vol. II Comercio bilateral, Comercio de estado, Comercio especial, Otros regímenes de importación
710 0 0 _aBanco Exterior de España.
_92123
740 0 _aComercio libre.
740 0 _aComercio global.
740 0 _aComercio bilateral.
740 0 _aComercio de estado.
740 0 _aComercio especial.
740 0 _aOtros regímenes de importación.
830 0 _aManuales extebank. Serie comercio exterior ;
_v4-5
_9180627
852 _aES-MaACL
_jL-11948-9
_9148550
_cDEPO2
852 _aES-MaACL
_jL-12350-51
_bR.114165
_95707
942 _2udc
999 _c143373
_d143373